Prírodné necukorné látky sladkej chuti

Gespeichert in:
Bibliographische Detailangaben
1. Verfasser: Ondrušeková, Dominika (Verfasst von)
Weitere Verfasser: Greif, Gabriel (Betreuung Doktorarbeit)
Format: Manuskript Buch
Sprache:Slowakisch
Veröffentlicht: 2015
Schlagworte:
Online-Zugang:http://is.stuba.sk/zp/portal_zp.pl?podrobnosti=102225
Tags: Tag hinzufügen
Keine Tags, Fügen Sie das erste Tag hinzu!

MARC

LEADER 00000ntm a22000003a 4500
001 stuzp52957
003 SK-STU
005 20160719154330.9
007 ta
008 150427s2015----xo-----f-mn---000-0-slo-d
040 |a STU  |b slo 
041 0 |a slo 
100 1 |a Ondrušeková, Dominika  |u 044250  |4 aut  |U FCHPT Ústav biotechnológie a potravinárstva  |T FCHPT Oddelenie potravinárskej technológie  |X 61532  |U C4250  |Y 115  |7 61532 
242 0 1 |a Non-saccharide natural sweet substances  |y eng 
245 1 0 |a Prírodné necukorné látky sladkej chuti 
260 |c 2015 
650 4 |a sladké látky  |2 slo 
650 4 |a sladidlo  |2 slo 
650 4 |a terpény  |2 slo 
650 4 |a sweet substances  |2 eng 
650 4 |a sweetener  |2 eng 
650 4 |a terpenoids  |2 eng 
700 1 |a Greif, Gabriel  |4 ths  |X 3350  |7 A000003350 
856 4 |u http://is.stuba.sk/zp/portal_zp.pl?podrobnosti=102225 
SQL |a stuzp52957  |b DBP  |c SLO  |d Prírodné necukorné látky sladkej chuti  |e 61532  |f Ondrušeková, Dominika  |g 044250  |h 3350  |i Greif, Gabriel  |j 20150715  |k 520  |l 04  |m http://is.stuba.sk/zp/portal_zp.pl?podrobnosti=102225  |n B-oVYKOZ  |o 5.2.24. potravinárstvo